Statistics for Phuket International Airport Destinations (Phuket, Thailand)

Click here to take the quiz!

General Stats

  • This quiz has been taken 23 times
  • The average score is 45 of 89

Answer Stats

AirlineDestination% Correct
EmiratesDubai (International)
100%
Nok Air/Thai AirAsia/Thai Lion AirBangkok (Don Mueang)
93%
Bangkok Airways/Thai AirAsia/Thai Airways International/Thai VietJet AirBangkok (Suvarnabhumi)
93%
Etihad AirwaysAbu Dhabi
87%
Air China/Hainan Airlines/Nok AirBeijing (Capital)
87%
IndiGoDelhi
87%
VietJet AirHo Chi Minh City
87%
Batik Air Malaysia/Malaysia AirlinesKuala Lumpur (International)
87%
IndiGoMumbai
87%
Asiana Airlines/Jin Air/Korean AirSeoul (Incheon)
87%
Qatar AirwaysDoha
80%
Cathay Pacific/HK Express/Hong Kong Airlines/Thai AirAsiaHong Kong
80%
TUI AirwaysLondon (Gatwick)
80%
Aeroflot/Nordwind AirlinesMoscow (Sheremetyevo)
80%
Azur Air/I-FlyMoscow (Vnukovo)
80%
Juneyao Air/Shanghai Airlines/Spring Airlines/Thai Lion AirShanghai (Pudong)
80%
Jetstar Asia Airways/Singapore Airlines/Thai AirAsiaSingapore
80%
LOT Polish AirlinesWarsaw (Chopin)
80%
Edelweiss AirZurich
80%
Thai AirAsia/Thai VietJet AirChiang Mai
73%
VietJet AirHanoi
73%
Finnair/TUI AirwaysHelsinki
73%
Turkish AirlinesIstanbul
73%
Aeroflot/Azur Air/Nordwind AirlinesSaint Petersburg
73%
El AlTel Aviv
73%
9 Air/China Southern Airlines/Hainan Airlines/Spring AirlinesGuangzhou
67%
EVA Air/Tigerair TaiwanTaipei (Taoyuan)
67%
MIAT Mongolian AirlinesUlaanbaatar
67%
Air Astana/SCAT Airlines/Sunday AirlinesAlmaty
60%
Air China/China Eastern Airlines/Okay Airways/Sichuan AirlinesChengdu (Tianfu)
60%
Sunclass Airlines/TUI AirwaysCopenhagen
60%
JetstarMelbourne
60%
NeosMilan (Malpensa)
60%
Oman Air/SalamAirMuscat
60%
FireflyPenang
60%
JetstarSydney
60%
Qanot Sharq/Uzbekistan AirwaysTashkent
60%
Thai Lion AirTianjin
60%
Aeroflot/Azur AirVladivostok
60%
Myanmar Airways InternationalYangon
60%
Air China/Nok Air/Okay Airways/Thai Lion AirHangzhou
53%
China Eastern Airlines/Juneyao Air/Thai Lion AirNanjing
53%
Shenzhen AirlinesShenzhen
53%
Sunclass Airlines/TUI AirwaysStockholm (Arlanda)
53%
Chongqing Airlines/Sichuan Airlines/West JetChongqing
47%
Azur AirKazan
47%
Mahan AirTehran (Imam Khomeini)
47%
China Eastern AirlinesXi'an
47%
Aeroflot/Azur AirYekaterinburg
47%
Bangkok AirwaysKoh Samui
40%
TUI AirwaysManchester
40%
Azur Air/Nordwind AirlinesNizhny Novgorod
40%
Aeroflot/Azur Air/I-Fly/Ikar/Nordwind AirlinesNovosibirsk
40%
Sunclass AirlinesOslo
40%
Air ArabiaSharjah
40%
Azur AirSochi
40%
Azur AirUfa
40%
Sunday AirlinesBishkek
33%
GullivAirBucharest
33%
Azur Air/Nordwind AirlinesChelyabinsk
33%
Nordwind AirlinesIrkutsk
33%
China Eastern Airlines/Kunming Airlines/Ruili AirlinesKunming
33%
Azur Air/IkarPerm
33%
GullivAirSofia
33%
SpiceJetSurat
33%
Thai Lion AirChangsha
27%
Thai VietJet AirChiang Rai
27%
Sunclass Airlines/TUI AirwaysGothenburg
27%
Bangkok AirwaysHat Yai
27%
Aeroflot/Azur Air/I-Fly/Nordwind AirlinesKrasnoyarsk (International)
27%
IkarKrasnoyarsk (Yemelyanovo)
27%
Azur Air/IkarSamara
27%
IkarChita
20%
9 AirGuiyang
20%
Aeroflot/Azur Air/Nordwind AirlinesKhabarovsk
20%
IkarOrenburg
20%
IkarPetropavlovsk-Kamchatsky
20%
China Eastern AirlinesTaiyuan
20%
Azur Air/IkarTyumen
20%
Nok AirUbon Ratchathani
20%
Thai AirAsiaUdon Thani
20%
IkarUlan-Ude
20%
Nordwind AirlinesYakutsk
20%
IkarYuzhno-Sakhalinsk
20%
IkarBlagoveshchensk
13%
NeosBrno
13%
Thai Lion AirHefei
13%
Thai AirAsiaKhon Kaen
13%
IkarSurgut
13%

Score Distribution

Percentile by Number Answered

Percent of People with Each Score

Your Score History

You have not taken this quiz